[Event "Hastings Masters op 94th"]
[Site "Hastings"]
[Date "2019.01.05"]
[Round "9"]
[White "Hawkins, Jonathan J"]
[Black "Lalic, Bogdan"]
[Result "1/2-1/2"]
[WhiteElo "2569"]
[BlackElo "2418"]
[PlyCount "59"]
[EventDate "2018.12.28"]
[EventType "swiss"]
[EventRounds "10"]
[EventCountry "ENG"]
[SourceTitle "CBM 188 Extra"]
[Source "ChessBase"]
[SourceDate "2019.02.26"]
[SourceVersion "1"]
[SourceVersionDate "2019.02.26"]
[SourceQuality "1"]

1. d4 Nf6 2. c4 g6 3. Nc3 d5 4. Nf3 Bg7 5. Qb3 dxc4 6. Qxc4 Be6 7. Qb5+ Bd7 8. Qb3 c5 9. dxc5 Na6 10. Ne5 0-0 11. Qa3 Qc7 12. Nxd7 Qxd7 13. e4 Qc6 14. Bxa6 bxa6 15. f3 Nd7 16. Be3 Ne5 17. Kf2 Rab8 18. Nd5 Kh8 19. Nxe7 Qe6 20. Nd5 Rxb2+ 21. Kg3 Nc4 22. Qd3 Nxe3 23. Nxe3 f5 24. f4 fxe4 25. Qd6 Qf7 26. Rhf1 Re2 27. Rae1 Qxa2 28. c6 Rd2 29. Qb4 Rd4 30. Qc5 1/2-1/2

[Event "Hastings Masters op 94th"]
[Site "Hastings"]
[Date "2018.12.31"]
[Round "4"]
[White "Petrov, Martin"]
[Black "Hawkins, Jonathan J"]
[Result "1/2-1/2"]
[WhiteElo "2472"]
[BlackElo "2569"]
[PlyCount "31"]
[EventDate "2018.12.28"]
[EventType "swiss"]
[EventRounds "10"]
[EventCountry "ENG"]
[SourceTitle "CBM 188 Extra"]
[Source "ChessBase"]
[SourceDate "2019.02.26"]
[SourceVersion "1"]
[SourceVersionDate "2019.02.26"]
[SourceQuality "1"]

1. e4 e5 2. Nf3 Nc6 3. Bc4 Bc5 4. c3 Nf6 5. d4 exd4 6. e5 d5 7. Bb5 Ne4 8. cxd4 Bb6 9. Be3 0-0 10. Nc3 Bg4 11. h3 Bh5 12. 0-0 f6 13. exf6 Rxf6 14. Be2 Nxc3 15. bxc3 Qd6 16. Bg5 1/2-1/2

[Event "London Classic op 10th"]
[Site "London"]
[Date "2018.12.13"]
[Round "5"]
[White "Sumit, Kumar1111"]
[Black "Hawkins, Jonathan J"]
[Result "0-1"]
[WhiteElo "2179"]
[BlackElo "2583"]
[PlyCount "104"]
[EventDate "2018.12.09"]
[EventType "swiss"]
[EventRounds "9"]
[EventCountry "ENG"]
[SourceTitle "CBM 187 Extra"]
[Source "ChessBase"]
[SourceDate "2018.11.04"]
[SourceVersion "1"]
[SourceVersionDate "2018.11.04"]
[SourceQuality "1"]

1. e4 c6 2. d4 d5 3. e5 c5 4. Nf3 Nc6 5. Bb5 Bg4 6. dxc5 Qa5+ 7. Nc3 e6 8. Bd2 Qc7 9. b4 a5 10. 0-0 axb4 11. Na4 Ra5 12. Qe2 Bxf3 13. gxf3 Ra7 14. Bxb4 Nh6 15. c4 d4 16. Nb2 Be7 17. Qe4 0-0 18. Bxc6 Qxc6 19. Qxc6 bxc6 20. Nd3 Nf5 21. Rfd1 Nh4 22. Ne1 Rb8 23. a3 Bg5 24. Rab1 Rd8 25. Rb3 f6 26. exf6 gxf6 27. Ng2 Nxg2 28. Kxg2 e5 29. Kf1 Bf4 30. h3 Kf7 31. Ke2 Rg8 32. Bd2 Bxd2 33. Kxd2 Ke6 34. f4 Ra5 35. Kd3 Rg2 36. fxe5 fxe5 37. Rd2 Kf5 38. Ra2 Rh2 39. Ke2 e4 40. Rg3 Ra4 41. Kf1 Rh1+ 42. Kg2 Rc1 43. Rg7 d3 44. Rd7 Rcxc4 45. Kg3 Rc2 46. Ra1 Rc3 47. Kg2 Raxa3 48. Rd1 Rc2 49. Kg1 h5 50. f3 e3 51. R1xd3 Rxd3 52. Rxd3 Rc1+ 0-1

[Event "London Classic op 10th"]
[Site "London"]
[Date "2018.12.11"]
[Round "3"]
[White "Dauletova, Gulmira"]
[Black "Hawkins, Jonathan J"]
[Result "0-1"]
[WhiteElo "2261"]
[BlackElo "2583"]
[PlyCount "73"]
[EventDate "2018.12.09"]
[EventType "swiss"]
[EventRounds "9"]
[EventCountry "ENG"]
[SourceTitle "CBM 187 Extra"]
[Source "ChessBase"]
[SourceDate "2018.11.04"]
[SourceVersion "1"]
[SourceVersionDate "2018.11.04"]
[SourceQuality "1"]

1. e4 e5 2. Nf3 Nf6 3. Nxe5 d6 4. Nf3 Nxe4 5. d4 d5 6. Bd3 Bd6 7. 0-0 0-0 8. c4 c6 9. Nc3 Nxc3 10. bxc3 dxc4 11. Bxc4 Bg4 12. a4 Nd7 13. Ba3 Bxa3 14. Rxa3 Nb6 15. Be2 Re8 16. h3 Qe7 17. Ra2 Be6 18. Ra1 Bxh3 19. Re1 Bg4 20. Qc2 Qf6 21. Ne5 Bxe2 22. Rxe2 Nd5 23. Rae1 Qd6 24. Qf5 Re7 25. c4 Nf6 26. Re3 Rae8 27. Rg3 g6 28. Rg5 Nd7 29. Re4 Nxe5 30. dxe5 Qe6 31. Qf3 f6 32. Rg3 Qf7 33. Rf4 Rxe5 34. Rxf6 Qxc4 35. Rh3 Qd5 36. Qf4 Rg5 37. f3 0-1

[Event "London Classic op 10th"]
[Site "London"]
[Date "2018.12.10"]
[Round "2"]
[White "Hawkins, Jonathan J"]
[Black "Bin Suhayl, Ieysaa"]
[Result "1-0"]
[WhiteElo "2583"]
[BlackElo "2038"]
[PlyCount "59"]
[EventDate "2018.12.09"]
[EventType "swiss"]
[EventRounds "9"]
[EventCountry "ENG"]
[SourceTitle "CBM 187 Extra"]
[Source "ChessBase"]
[SourceDate "2018.11.04"]
[SourceVersion "1"]
[SourceVersionDate "2018.11.04"]
[SourceQuality "1"]

1. e4 e6 2. d4 d5 3. exd5 exd5 4. Nf3 Bd6 5. c4 dxc4 6. Bxc4 Nf6 7. 0-0 0-0 8. Bg5 h6 9. Bh4 Bg4 10. h3 Bh5 11. g4 Bg6 12. Ne5 Bh7 13. Qb3 Qe7 14. Qxb7 Bxe5 15. dxe5 Qxe5 16. Qxa8 Qxb2 17. Bxf6 gxf6 18. Nd2 Qxd2 19. Qxa7 Qc3 20. Qxc7 Qxh3 21. Qg3 Qxg3+ 22. fxg3 Kg7 23. Bb5 Be4 24. Rad1 Bc6 25. a4 Re8 26. Rd6 Re6 27. Rxe6 fxe6 28. Rc1 Bf3 29. Rc7+ Kg6 30. Be8+ 1-0

[Event "GBR-ch KO"]
[Site "London"]
[Date "2018.12.09"]
[Round "2.2"]
[White "McShane, Luke J"]
[Black "Hawkins, Jonathan J"]
[Result "1-0"]
[WhiteElo "2664"]
[BlackElo "2583"]
[PlyCount "69"]
[EventDate "2018.12.08"]
[EventType "k.o."]
[EventRounds "4"]
[EventCountry "ENG"]
[SourceTitle "CBM 187 Extra"]
[Source "ChessBase"]
[SourceDate "2018.11.04"]
[SourceVersion "1"]
[SourceVersionDate "2018.11.04"]
[SourceQuality "1"]

1. e4 e5 2. Nf3 Nf6 3. Nxe5 d6 4. Nf3 Nxe4 5. Nc3 Nxc3 6. dxc3 Be7 7. Be3 Nc6 8. Qd2 Be6 9. 0-0-0 Qd7 10. Kb1 Bf6 11. Be2 a6 12. Rhe1 0-0-0 13. Nd4 Nxd4 14. Bxd4 Bxd4 15. Qxd4 Qc6 16. Bf3 Qc4 17. Qxc4 Bxc4 18. Bg4+ Kb8 19. b3 Bb5 20. Re7 Rhf8 21. Rde1 Rde8 22. Kc1 Bc6 23. g3 g6 24. Kd2 f5 25. Bd1 Rh8 26. Rg7 Re5 27. Rxe5 dxe5 28. Re7 e4 29. Be2 Kc8 30. Ke3 g5 31. Bc4 Bd7 32. Rg7 h6 33. Kd4 Kd8 34. Rg8+ Rxg8 35. Bxg8 1-0

[Event "GBR-ch KO"]
[Site "London"]
[Date "2018.12.08"]
[Round "1.3"]
[White "Hawkins, Jonathan J"]
[Black "Houska, Jovanka"]
[Result "1-0"]
[WhiteElo "2583"]
[BlackElo "2419"]
[PlyCount "70"]
[EventDate "2018.12.08"]
[EventType "k.o."]
[EventRounds "4"]
[EventCountry "ENG"]
[SourceTitle "CBM 187 Extra"]
[Source "ChessBase"]
[SourceDate "2018.11.04"]
[SourceVersion "1"]
[SourceVersionDate "2018.11.04"]
[SourceQuality "1"]

1. e4 c6 2. Ne2 d5 3. e5 d4 4. c3 c5 5. b4 dxc3 6. bxc5 cxd2+ 7. Nxd2 g6 8. Bb2 Bg7 9. Nc4 Qxd1+ 10. Rxd1 Nc6 11. Nd4 Nxd4 12. Bxd4 f6 13. Rb1 Bf5 14. Rxb7 0-0-0 15. exf6 Nxf6 16. Rxe7 Rxd4 17. Rxg7 Re8+ 18. Ne3 Rd7 19. Rxd7 Bxd7 20. Ba6+ Kc7 21. 0-0 Re5 22. Bc4 Rxc5 23. f3 Bb5 24. Bxb5 Rxb5 25. Rc1+ Kd7 26. Rc2 Rb1+ 27. Kf2 h5 28. f4 Kd6 29. Kf3 Ra1 30. Nc4+ Kd5 31. Ne5 Rf1+ 32. Ke3 g5 33. fxg5 Re1+ 34. Kf4 Re4+ 35. Kf5 Nh7 1-0

[Event "BCF-chTb 1819 (4NCL)"]
[Site "Daventry"]
[Date "2018.11.10"]
[Round "1.6"]
[White "Hawkins, Jonathan J"]
[Black "Suarez Real, Alberto"]
[Result "1-0"]
[WhiteElo "2579"]
[BlackElo "2438"]
[PlyCount "69"]
[EventDate "2018.11.10"]
[EventType "team-tourn"]
[EventRounds "11"]
[EventCountry "ENG"]
[SourceTitle "CBM 187 Extra"]
[Source "ChessBase"]
[SourceDate "2018.11.04"]
[SourceVersion "1"]
[SourceVersionDate "2018.11.04"]
[SourceQuality "1"]
[WhiteTeam "Cheddleton"]
[BlackTeam "Guildford II"]
[WhiteTeamCountry "ENG"]
[BlackTeamCountry "ENG"]

1. d4 Nf6 2. c4 g6 3. Nc3 Bg7 4. Nf3 0-0 5. g3 d5 6. cxd5 Nxd5 7. Bg2 c5 8. 0-0 cxd4 9. Nxd4 Nxc3 10. bxc3 Nc6 11. Be3 Bd7 12. Rb1 Qc7 13. Qb3 b6 14. Qa3 Bf6 15. Rfd1 Rad8 16. Nb5 Qc8 17. Nxa7 Nxa7 18. Qxa7 Bf5 19. Rxd8 Rxd8 20. Rc1 b5 21. Qa5 Be6 22. Bb7 Qd7 23. Bc6 Qxc6 24. Qxd8+ Kg7 25. Qd2 h5 26. Bd4 h4 27. Qf4 h3 28. e4 Bxa2 29. g4 Bc4 30. g5 Bxd4 31. cxd4 Qd7 32. d5 Qd6 33. Qxd6 exd6 34. Rc3 f6 35. f4 1-0

[Event "GBR-ch 105th"]
[Site "Hull"]
[Date "2018.08.04"]
[Round "8"]
[White "Hawkins, Jonathan J"]
[Black "Webb, Laurence"]
[Result "1-0"]
[WhiteElo "2590"]
[BlackElo "2306"]
[PlyCount "95"]
[EventDate "2018.07.28"]
[EventType "swiss"]
[EventRounds "9"]
[EventCountry "ENG"]
[SourceTitle "CBM 185 Extra"]
[Source "ChessBase"]
[SourceDate "2018.07.29"]
[SourceVersion "1"]
[SourceVersionDate "2018.07.29"]
[SourceQuality "1"]

1. e4 e6 2. d4 d5 3. Nd2 Be7 4. e5 c5 5. c3 Nc6 6. Bd3 Nh6 7. Ne2 Nf5 8. Nf3 Nh4 9. Nxh4 Bxh4 10. Be3 cxd4 11. Bxd4 Bd7 12. 0-0 Be7 13. Kh1 Nxd4 14. Nxd4 Qb6 15. Qe2 a6 16. a4 a5 17. f4 g6 18. Bb5 Bxb5 19. axb5 Bc5 20. Nb3 a4 21. Nxc5 Qxc5 22. Ra3 0-0 23. Rfa1 d4 24. c4 d3 25. Qxd3 Qf2 26. Qe4 b6 27. b3 Rad8 28. Rxa4 Rd4 29. Qf3 Qxf3 30. gxf3 Rd3 31. Ra6 Rxb3 32. Rxb6 Rd8 33. Rd6 Rc8 34. Rc6 Rd8 35. Kg2 Rd2+ 36. Kg3 Rbb2 37. Rg1 Rxh2 38. b6 Rhc2 39. c5 Rc4 40. Rc7 Rcb4 41. Rd1 h5 42. Rd8+ Kg7 43. Rdd7 h4+ 44. Kg4 g5 45. Rxf7+ Kg8 46. Kxg5 Rg2+ 47. Kh6 h3 48. Rf6 1-0

[Event "GBR-ch 105th"]
[Site "Hull"]
[Date "2018.08.03"]
[Round "7"]
[White "Kalavannan, Koby"]
[Black "Hawkins, Jonathan J"]
[Result "1/2-1/2"]
[WhiteElo "2277"]
[BlackElo "2590"]
[PlyCount "53"]
[EventDate "2018.07.28"]
[EventType "swiss"]
[EventRounds "9"]
[EventCountry "ENG"]
[SourceTitle "CBM 185 Extra"]
[Source "ChessBase"]
[SourceDate "2018.07.29"]
[SourceVersion "1"]
[SourceVersionDate "2018.07.29"]
[SourceQuality "1"]

1. d4 d5 2. c4 e6 3. g3 Nf6 4. Bg2 dxc4 5. Qa4+ Nbd7 6. Qxc4 c5 7. dxc5 Bxc5 8. Nf3 a6 9. b4 Bd6 10. 0-0 Qe7 11. a3 0-0 12. Rd1 a5 13. Qd3 Bc7 14. Qc2 Bb6 15. b5 a4 16. h3 Nc5 17. Nbd2 Rd8 18. Ne5 Ba5 19. Rb1 Nd5 20. Bb2 f6 21. Nec4 Bc7 22. Ba1 Nd7 23. Bd4 N7b6 24. e4 Nxc4 25. Nxc4 e5 26. exd5 exd4 27. Rxd4 1/2-1/2

[Event "BCF-chT1b 1718 (4NCL)"]
[Site "England"]
[Date "2018.03.17"]
[Round "7.52"]
[White "Hill, Alistair"]
[Black "Hawkins, Jonathan J"]
[Result "0-1"]
[WhiteElo "2186"]
[BlackElo "2573"]
[PlyCount "106"]
[EventDate "2017.11.11"]
[EventType "team-swiss"]
[EventRounds "11"]
[EventCountry "ENG"]
[SourceTitle "EXT 2019"]
[Source "ChessBase"]
[SourceDate "2018.10.10"]
[SourceVersion "1"]
[SourceVersionDate "2018.10.10"]
[SourceQuality "1"]
[WhiteTeam "Cambridge University"]
[BlackTeam "Cheddleton"]
[WhiteTeamCountry "ENG"]
[BlackTeamCountry "ENG"]

1. Nf3 d5 2. c4 e6 3. g3 Nf6 4. Bg2 Be7 5. 0-0 0-0 6. d4 dxc4 7. Qc2 a6 8. a4 Bd7 9. Qxc4 Bc6 10. Bf4 a5 11. Nc3 Na6 12. Ne5 Bxg2 13. Kxg2 Nd5 14. Nxd5 Qxd5+ 15. f3 Rfd8 16. Rfd1 c5 17. dxc5 Qxc4 18. Nxc4 Nxc5 19. Rxd8+ Bxd8 20. Be3 Nxa4 21. Bd4 b5 22. Nd6 Bf6 23. Nxb5 Bxd4 24. Rxa4 Bxb2 25. Nc7 Ra7 26. Nb5 Ra6 27. Nc7 Rc6 28. Rxa5 f5 29. Ra2 Be5 30. Nb5 Rc5 31. Ra8+ Kf7 32. Ra7+ Kf6 33. Rb7 g5 34. Na3 h5 35. Rb4 Rc1 36. Rc4 Ra1 37. Nc2 Ra2 38. Kf2 Rb2 39. h3 Bb8 40. e3 Ke5 41. Rc8 Kd5 42. g4 h4 43. Ke2 fxg4 44. fxg4 e5 45. Kd3 Rb3+ 46. Ke2 Ba7 47. Ra8 Bc5 48. Ra4 e4 49. Ra5 Rb2 50. Kd2 Kc4 51. Kc1 Rb6 52. Kd2 Rf6 53. Nd4 Bb4+ 0-1

[Event "BCF-chT1b 1718 (4NCL)"]
[Site "England"]
[Date "2018.02.10"]
[Round "5.52"]
[White "Suarez Real, Alberto"]
[Black "Hawkins, Jonathan J"]
[Result "1/2-1/2"]
[WhiteElo "2447"]
[BlackElo "2573"]
[PlyCount "71"]
[EventDate "2017.11.11"]
[EventType "team-swiss"]
[EventRounds "11"]
[EventCountry "ENG"]
[SourceTitle "EXT 2019"]
[Source "ChessBase"]
[SourceDate "2018.10.10"]
[SourceVersion "1"]
[SourceVersionDate "2018.10.10"]
[SourceQuality "1"]
[WhiteTeam "Guildford II"]
[BlackTeam "Cheddleton"]
[WhiteTeamCountry "ENG"]
[BlackTeamCountry "ENG"]

1. e4 e5 2. Nf3 Nc6 3. d4 exd4 4. Nxd4 Nf6 5. Nc3 Bb4 6. Nxc6 bxc6 7. Bd3 d5 8. exd5 cxd5 9. 0-0 0-0 10. Bg5 c6 11. Qf3 Bd6 12. Rfe1 Rb8 13. Rab1 h6 14. Bxf6 Qxf6 15. Qxf6 gxf6 16. Ne2 c5 17. b3 Be6 18. Ng3 c4 19. Bf5 Bxg3 20. Bxe6 fxe6 21. hxg3 Kf7 22. bxc4 dxc4 23. Kf1 Rb6 24. Ke2 Rd8 25. Rxb6 axb6 26. Rb1 c3 27. Rd1 Ra8 28. Rd7+ Kg6 29. Rc7 Rxa2 30. Rxc3 Kf5 31. Kd2 Ra5 32. Rb3 Rd5+ 33. Ke3 Re5+ 34. Kd3 Rd5+ 35. Ke3 Re5+ 36. Kd3 1/2-1/2

[Event "GBR-ch 104th"]
[Site "Llandudno"]
[Date "2017.08.04"]
[Round "7"]
[White "Hawkins, Jonathan J"]
[Black "Emms, John M"]
[Result "0-1"]
[WhiteElo "2582"]
[BlackElo "2468"]
[PlyCount "132"]
[EventDate "2017.07.29"]
[EventType "swiss"]
[EventRounds "9"]
[EventCountry "WLS"]
[SourceTitle "CBM 179 Extra"]
[Source "ChessBase"]
[SourceDate "2017.08.23"]
[SourceVersion "1"]
[SourceVersionDate "2017.08.23"]
[SourceQuality "1"]

1. d4 Nf6 2. c4 e6 3. Nc3 Bb4 4. Qc2 0-0 5. Nf3 d6 6. a3 Bxc3+ 7. Qxc3 b6 8. g3 Bb7 9. Bg2 Nbd7 10. 0-0 a5 11. b3 Be4 12. Bb2 Qb8 13. Bh3 c6 14. Nh4 d5 15. f3 Bg6 16. Nxg6 hxg6 17. Rfe1 b5 18. e4 bxc4 19. bxc4 Nb6 20. cxd5 cxd5 21. Bc1 Rc8 22. Qd3 Qa7 23. Bg5 Rc6 24. Rac1 Rxc1 25. Rxc1 Nc4 26. Bg2 Rb8 27. Bxf6 gxf6 28. exd5 exd5 29. f4 Qd7 30. Bxd5 Qxd5 31. Qxc4 Qe4 32. Qc3 Qd5 33. Qc4 Qe4 34. Qc3 a4 35. Re1 Qd5 36. Rf1 Rb3 37. Qc5 Qe4 38. d5 Rd3 39. d6 Rd2 40. Rf2 Rd1+ 41. Rf1 Rd2 42. Rf2 Rd1+ 43. Rf1 Rd3 44. Rf2 Kg7 45. Rf1 Rd2 46. Rf2 Rd1+ 47. Rf1 Rd5 48. Qc3 Rxd6 49. Re1 Qd5 50. Qb4 Qc6 51. Qe4 Qc5+ 52. Qe3 Qc2 53. Re2 Rd1+ 54. Kf2 Qc6 55. Re1 Qc2+ 56. Re2 Qc4 57. Qe7 Rd3 58. Qb4 Qc6 59. Re3 Rb3 60. Qe7 Qh1 61. h4 Rb1 62. Re1 Qh2+ 63. Kf3 Rb3+ 64. Re3 Qc2 65. Qd6 Qc1 66. Rd3 Qd2 0-1

[Event "BCF-chT1c 1617 (4NCL) Promotion pool"]
[Site "England"]
[Date "2017.05.01"]
[Round "11.13"]
[White "Anton Guijarro, David"]
[Black "Hawkins, Jonathan J"]
[Result "1-0"]
[WhiteElo "2646"]
[BlackElo "2590"]
[PlyCount "99"]
[EventDate "2016.11.19"]
[EventType "team-tourn"]
[EventRounds "4"]
[EventCountry "ENG"]
[SourceTitle "EXT 2018"]
[Source "ChessBase"]
[SourceDate "2017.10.13"]
[SourceVersion "1"]
[SourceVersionDate "2017.10.13"]
[SourceQuality "1"]
[WhiteTeam "Guildford"]
[BlackTeam "Cheddleton"]
[WhiteTeamCountry "ENG"]
[BlackTeamCountry "ENG"]

1. e4 c6 2. d4 d5 3. e5 c5 4. dxc5 Nc6 5. f4 Nh6 6. c3 e6 7. Be3 f6 8. exf6 Qxf6 9. Bb5 Nf5 10. Bf2 Qg6 11. Nf3 Qxg2 12. Rg1 Qh3 13. Ne5 Bd7 14. Bxc6 Bxc6 15. Qe2 Qh6 16. Nd2 Be7 17. 0-0-0 0-0 18. Nxc6 bxc6 19. Rg4 Rae8 20. Nf3 Bd8 21. Ne5 Bc7 22. Nxc6 Bxf4+ 23. Kb1 Ne3 24. Bxe3 Bxe3 25. Nd4 Rf2 26. Qb5 Ref8 27. c6 Bf4 28. Rdg1 Be5 29. c7 Qd2 30. a3 Bxd4 31. Rxd4 Qc2+ 32. Ka1 R2f7 33. Qc6 Qxh2 34. c8Q Qxg1+ 35. Ka2 Rxc8 36. Qxc8+ Rf8 37. Qxe6+ Kh8 38. Qxd5 Qf2 39. c4 h6 40. c5 Rc8 41. Rc4 Qh2 42. c6 Qc7 43. Qd7 Kh7 44. Qxc7 Rxc7 45. b4 Kg6 46. b5 Kf6 47. Kb3 g5 48. a4 Ke5 49. Kb4 Kd6 50. Rd4+ 1-0

[Event "BCF-chT1c 1617 (4NCL) Promotion pool"]
[Site "England"]
[Date "2017.04.30"]
[Round "10.14"]
[White "Arakhamia Grant, Ketevan"]
[Black "Hawkins, Jonathan J"]
[Result "0-1"]
[WhiteElo "2368"]
[BlackElo "2590"]
[PlyCount "106"]
[EventDate "2016.11.19"]
[EventType "team-tourn"]
[EventRounds "4"]
[EventCountry "ENG"]
[SourceTitle "EXT 2018"]
[Source "ChessBase"]
[SourceDate "2017.10.13"]
[SourceVersion "1"]
[SourceVersionDate "2017.10.13"]
[SourceQuality "1"]
[WhiteTeam "White Rose"]
[BlackTeam "Cheddleton"]
[WhiteTeamCountry "ENG"]
[BlackTeamCountry "ENG"]

1. e4 c6 2. d4 d5 3. Nd2 dxe4 4. Nxe4 Nd7 5. Ng5 Ngf6 6. Bd3 e6 7. Qe2 Bd6 8. N1f3 h6 9. Ne4 Nxe4 10. Qxe4 Nf6 11. Qe2 Qc7 12. Ne5 c5 13. Bb5+ Ke7 14. Bf4 a6 15. Bc4 b5 16. dxc5 Qxc5 17. Bb3 Qb4+ 18. Bd2 Qe4 19. f4 Bb7 20. Qxe4 Bxe4 21. 0-0-0 Rhc8 22. Rhe1 a5 23. a4 b4 24. g4 Bxc2 25. Bxc2 b3 26. Bc3 bxc2 27. Rd4 Bc5 28. Rd3 Nd5 29. f5 Bb4 30. Kd2 Rc7 31. fxe6 fxe6 32. Rf3 Rac8 33. Kxc2 Nxc3 34. Ng6+ Kd6 35. bxc3 Bxc3 36. Rd1+ Bd4+ 37. Kd3 e5 38. Ke4 Rc1 39. Rfd3 Rxd1 40. Rxd1 Ke6 41. Nh4 Rc4 42. Nf5 Bb2+ 43. Kf3 e4+ 44. Ke3 Rxa4 45. Rd8 Bc1+ 46. Ke2 g6 47. Nd4+ Ke5 48. Nc6+ Kf4 49. h3 Kg3 50. Rd6 Kxh3 51. Rxg6 Bg5 52. Ne5 Ra2+ 53. Kf1 e3 0-1

[Event "PRO League Stage"]
[Site "Chess.com INT"]
[Date "2017.02.22"]
[Round "7"]
[White "Hawkins, Jonathan J"]
[Black "Beerdsen, Thomas"]
[Result "1-0"]
[WhiteElo "2583"]
[BlackElo "2413"]
[PlyCount "85"]
[EventDate "2017.01.11"]
[EventType "team-swiss (rapid)"]
[EventRounds "7"]
[EventCountry "USA"]
[SourceTitle "EXT 2018"]
[Source "ChessBase"]
[SourceDate "2017.10.13"]
[SourceVersion "1"]
[SourceVersionDate "2017.10.13"]
[SourceQuality "1"]
[WhiteTeam "London Towers"]
[BlackTeam "Apeldoorn Apes"]
[WhiteTeamCountry "ENG"]
[BlackTeamCountry "NED"]

1. d4 Nf6 2. c4 e6 3. Nc3 Bb4 4. Qc2 b6 5. e4 c5 6. d5 Qe7 7. Be2 d6 8. Nf3 0-0 9. 0-0 Bxc3 10. bxc3 exd5 11. exd5 Bg4 12. Be3 Nbd7 13. Rae1 Rfe8 14. h3 Bh5 15. Bf4 Bxf3 16. Bxf3 Qxe1 17. Bxd6 Ne5 18. Be2 Qxf1+ 19. Bxf1 Rad8 20. Bxe5 Rxe5 21. Kh2 g6 22. Be2 Ne4 23. Bd3 Nd6 24. Qa4 Re7 25. Qc6 Red7 26. h4 Re7 27. h5 Kg7 28. a4 Ne8 29. a5 Rd6 30. Qc8 Rf6 31. Qd8 Kf8 32. f3 Rc7 33. axb6 axb6 34. Qb8 Re7 35. Bc2 Kg7 36. h6+ Kf8 37. Ba4 g5 38. Bc6 g4 39. fxg4 Rxh6+ 40. Kg1 Rf6 41. g5 Rf5 42. d6 Re1+ 43. Kh2 1-0

[Event "PRO League Central"]
[Site "Chess.com INT"]
[Date "2017.02.01"]
[Round "4"]
[White "Hawkins, Jonathan J"]
[Black "Thorfinnsson, Bragi"]
[Result "1-0"]
[WhiteElo "2583"]
[BlackElo "2453"]
[PlyCount "107"]
[EventDate "2017.01.11"]
[EventType "team-swiss (rapid)"]
[EventRounds "7"]
[EventCountry "USA"]
[SourceTitle "CBM 176 Extra"]
[Source "ChessBase"]
[SourceDate "2017.03.02"]
[SourceVersion "1"]
[SourceVersionDate "2017.03.02"]
[SourceQuality "1"]
[WhiteTeam "London Towers"]
[BlackTeam "Reykjavik Puffins"]
[WhiteTeamCountry "ENG"]
[BlackTeamCountry "ISL"]

1. d4 Nf6 2. c4 e6 3. Nc3 d5 4. Nf3 Be7 5. Bg5 0-0 6. e3 b6 7. cxd5 Nxd5 8. Bxe7 Qxe7 9. Nxd5 exd5 10. Rc1 Be6 11. Bd3 c5 12. dxc5 bxc5 13. Qc2 Nd7 14. Bxh7+ Kh8 15. Bf5 Rab8 16. 0-0 Qf6 17. Bxe6 fxe6 18. b3 g5 19. Qc3 Kg7 20. Nxg5 d4 21. exd4 Qxg5 22. dxc5+ Rf6 23. c6 Nb6 24. f4 Qb5 25. Rf3 Nd5 26. Qe5 Qb6+ 27. Kh1 Qc7 28. Qh5 Nxf4 29. Qg4+ Kf7 30. g3 Rg8 31. Qh4 Nd5 32. Qh5+ Rgg6 33. Rxf6+ Nxf6 34. Qc5 Nd5 35. Qd4 Rf6 36. Qh4 Ke7 37. Qe4 a5 38. Qh7+ Kd6 39. Qh8 Qf7 40. Qb8+ Qc7 41. Qh8 Qf7 42. Qb8+ Qc7 43. Qb5 Ke7 44. Qc5+ Kf7 45. a3 Qe5 46. Qc2 Ne3 47. Qd3 Nd5 48. b4 axb4 49. axb4 Qd6 50. b5 Qb4 51. Rb1 Qc5 52. Qh7+ Kf8 53. Ra1 Nb6 54. Qd3 1-0

[Event "PRO League Central"]
[Site "Chess.com INT"]
[Date "2017.02.01"]
[Round "4"]
[White "Thorhallsson, Throstur"]
[Black "Hawkins, Jonathan J"]
[Result "0-1"]
[WhiteElo "2414"]
[BlackElo "2583"]
[PlyCount "108"]
[EventDate "2017.01.11"]
[EventType "team-swiss (rapid)"]
[EventRounds "7"]
[EventCountry "USA"]
[SourceTitle "CBM 176 Extra"]
[Source "ChessBase"]
[SourceDate "2017.03.02"]
[SourceVersion "1"]
[SourceVersionDate "2017.03.02"]
[SourceQuality "1"]
[WhiteTeam "Reykjavik Puffins"]
[BlackTeam "London Towers"]
[WhiteTeamCountry "ISL"]
[BlackTeamCountry "ENG"]

1. e4 c6 2. d4 d5 3. exd5 cxd5 4. c4 Nf6 5. Nc3 g6 6. cxd5 Nxd5 7. Bc4 Nb6 8. Bb3 Bg7 9. Be3 0-0 10. Nf3 Bg4 11. h3 Bxf3 12. Qxf3 Nc6 13. Rd1 Qd7 14. d5 Na5 15. 0-0 Nxb3 16. axb3 Rfe8 17. Bd4 Rad8 18. Bxg7 Kxg7 19. h4 h5 20. Rfe1 Nc8 21. Ne4 Nd6 22. Ng5 Qf5 23. Qe3 a6 24. Rd4 Qf6 25. Qd2 Nf5 26. Rf4 e5 27. Rb4 b5 28. Ne4 Qe7 29. Ng3 Nxg3 30. fxg3 Qc5+ 31. Kh2 Qxd5 32. Qe2 Qd3 33. Re4 Qxe2 34. R1xe2 f6 35. g4 hxg4 36. Rxg4 f5 37. Rg3 Rd4 38. Rh3 Kf6 39. Rc2 Re6 40. h5 gxh5 41. Rxh5 Rg4 42. Rh6+ Rg6 43. Rh8 Kg5 44. Kg1 e4 45. Kf2 Kg4 46. Rc3 f4 47. Rc5 e3+ 48. Kf1 e2+ 49. Ke1 Kg3 50. Rch5 Kxg2 51. Rh2+ Kf3 52. Rf2+ Kg3 53. Rh1 f3 54. Rfh2 Rd6 0-1

[Event "London Classic Super rapid 8th"]
[Site "London"]
[Date "2016.12.18"]
[Round "8"]
[White "Hawkins, Jonathan J"]
[Black "Bellahcene, Bilel"]
[Result "1/2-1/2"]
[WhiteElo "2590"]
[BlackElo "2496"]
[PlyCount "83"]
[EventDate "2016.12.17"]
[EventType "swiss (rapid)"]
[EventRounds "10"]
[EventCountry "ENG"]
[SourceTitle "CBM 176 Extra"]
[Source "ChessBase"]
[SourceDate "2017.03.02"]
[SourceVersion "1"]
[SourceVersionDate "2017.03.02"]
[SourceQuality "1"]

1. d4 d5 2. c4 e6 3. Nf3 c6 4. Nc3 dxc4 5. a4 Bb4 6. e3 b5 7. Bd2 a5 8. axb5 Bxc3 9. Bxc3 cxb5 10. b3 Bb7 11. bxc4 b4 12. Bb2 Nf6 13. Bd3 0-0 14. 0-0 Nbd7 15. Nd2 Qc7 16. Bc2 Rfd8 17. Re1 e5 18. f3 Re8 19. Bd3 exd4 20. exd4 Rxe1+ 21. Qxe1 a4 22. Ne4 a3 23. Bc1 Nxe4 24. fxe4 Qd6 25. Qe3 Rd8 26. Be2 Re8 27. e5 Nxe5 28. dxe5 Rxe5 29. Qf2 Qe6 30. Ra2 h6 31. Bf4 Re4 32. Rd2 b3 33. Rd8+ Kh7 34. Bd3 f5 35. Bd2 Qe5 36. Bc3 Qe6 37. Rb8 Ba6 38. Rb6 Qd7 39. Rxa6 a2 40. Bxe4 fxe4 41. Ra7 Qd1+ 42. Qf1 1/2-1/2